विचित्र फिर भी सत्य / (Record no. 11217)

MARC details
000 -LEADER
fixed length control field 01128 a2200217 4500
005 - DATE AND TIME OF LATEST TRANSACTION
control field 20080902112552.0
008 - FIXED-LENGTH DATA ELEMENTS--GENERAL INFORMATION
fixed length control field 080902t xxu||||| |||| 00| 0 hin d
010 ## - LIBRARY OF CONGRESS CONTROL NUMBER
LC control number HIN-82875
020 ## - INTERNATIONAL STANDARD BOOK NUMBER
International Standard Book Number 9788190549700
Terms of availability 150.00
035 ## - SYSTEM CONTROL NUMBER
System control number HN-55221
037 ## - SOURCE OF ACQUISITION
Source of stock number/acquisition पु.प्र.अ.प्र/प्रका
082 ## - DEWEY DECIMAL CLASSIFICATION NUMBER
Classification number 808.88
100 ## - MAIN ENTRY--PERSONAL NAME
Personal name भाटिया, सुदर्शन
245 ## - TITLE STATEMENT
Title विचित्र फिर भी सत्य /
Statement of responsibility, etc सुदर्शन भाटिया
246 ## - VARYING FORM OF TITLE
Title proper/short title Vichitra phir bhi satya
Remainder of title by Sudarshan Bhatia
260 ## - PUBLICATION, DISTRIBUTION, ETC. (IMPRINT)
Place of publication, distribution, etc दिल्ली
Name of publisher, distributor, etc अवधेश पब्लिकेशन
Date of publication, distribution, etc 2007
270 ## - ADDRESS
Address म.न. 173, गली नं.4, रोशन विहार, करावल नगर
City दिल्ली
Postal code 110094
300 ## - PHYSICAL DESCRIPTION
Extent 135पृ
Dimensions 22 सेमी (सजिल्द)
942 ## - ADDED ENTRY ELEMENTS (KOHA)
Institution code [OBSOLETE] dpl
Koha item type Hindi Books
Call number prefix 808.88 / भाटिया
Source of classification or shelving scheme Dewey Decimal Classification
Classification part 808.88
Call number suffix भाटिया
Holdings
Withdrawn status Lost status Damaged status Not for loan Collection code Home library Current library Date acquired Cost, normal purchase price Total Checkouts Full call number Barcode Date last seen Copy number Uniform Resource Identifier Cost, replacement price Price effective from Koha item type
      Not For Loan Fiction D.B.Act.Division D.B.Act.Division 02/09/2008 150.00   808.88 भाटिया HN-55221 15/09/2008 1 12326 150.00 15/09/2008 Hindi Books

© Delhi Public Library
Hit Counter
free hit counter